Analýza účtovnej závierky v kontexte podvodného finančného vykazovania bakalárska práca

Gespeichert in:
Bibliographische Detailangaben
1. Verfasser: Nováková, Lucia
Körperschaft: Fakulta hospodárskej informatiky EU. Katedra účtovníctva a audítorstva
Weitere Verfasser: Domaracká, Denisa
Format: Buch
Sprache:Slowakisch
Veröffentlicht: Bratislava 2017
Tags: Tag hinzufügen
Keine Tags, Fügen Sie das erste Tag hinzu!

MARC

LEADER 00000nbm a2200000 4500
001 0232913
005 20180412141816.4
041 0 |a slo 
044 |a SK 
245 1 0 |a Analýza účtovnej závierky v kontexte podvodného finančného vykazovania  |b bakalárska práca  |c Lucia Nováková ; školiteľ: Denisa Domaracká 
264 1 |a Bratislava  |c 2017 
300 |a 33 s. 
100 1 |a Nováková, Lucia 
700 1 |a Domaracká, Denisa 
710 2 |a Fakulta hospodárskej informatiky EU. Katedra účtovníctva a audítorstva